01533nam a2200289 a 4500001001000000005001700010008004100027041000800068044000700076084002000083100004500103245008700148260004600235300004300281500022000324500007400544500022900618500008200847500001100929546002400940650005200964650005601016650003401072650004501106700004201151740005001193BRCA_289120190320204022.0111208s1843----gw-a---###---#000-0dger-u ager agw a286b.F56c18431 aCervantes Saavedra, Miguel ded1547-161610aDer sinnreiche Junker Don Quixote von la Manchacvon Miguel de Cervantes Saavedra. aPforzheim (Alemania)bDennig, Finckc1843 a2 v.bil.c15 cm.ei lámina plegable aContenido : v 1. Primere parte. Noticia sobre la vida y la obra de Cervantes, traducción de la escrita por Viardot. Nota del traductor. Prólogo del autor. texto. -- v 2. Segunda parte. Prólogo del autor. Texto aEdición : Aus dem Spanischen. Mit Illustrationen nach Tony Johannot aTraducción anónima, fundada en la de Bertuch, pero mejorada. Edición bastante bien impresa, en papel de poco cuerpo y adornada con varios dibujos de T. Johannot. Semitela; lomeras decoradas con adornos Lúdovik Osterc aEstado físico : Las primeras hojas del volumen 2 se encuentran desprendidas aQMH517 aTexto en : alemán14aNovela españolayÉpoca clásica, 1500-170014aLiteratura españolayÉpoca clásica, 1500-170014aNovela españolaySiglo XVII14aDon Quijote (Personaje ficticio)eNovela1 aJohannot, Tonyd1803-1852eIlustrador0 aEl Ingenioso Hidalgo Don Quijote de la Mancha